Les plus gros transferts du football - Saison 2021-2022 - Statistiques

Statistiques générales
  • Ce quiz a été pris 114 fois
  • Le résultat moyen est 9 sur 10
Statistiques - réponses
Montant de transfert (M €) Nationalité Venant de Allant à Joueur % Correct
68,00 Maroc Inter Paris SG Achraf Hakimi
100%
113,00 Belgique Inter Chelsea Romelu Lukaku
99%
117,50 Angleterre Aston Villa Manchester City Jack Grealish
97%
85,00 Angleterre Borussia Dortmund Manchester United Jadon Sancho
96%
42,50 France RB Leipzig Bayern Munich Dayot Upamecano
90%
47,00 Colombie FC Porto Liverpool Luis Díaz
90%
83,50 Serbie Fiorentina Juventus Turin Dušan Vlahović
88%
55,00 Espagne Manchester City Barcelone Ferran Torres
73%
42,10 Brésil Olympique Lyonnais Newcastle United Bruno Guimarães
71%
56,50 Angleterre Brighton Arsenal Ben White
60%
Aucun quiz correspondant
Distribution des résultats
% des personnes avec chaque résultat
Percentile par nombre de réponses
Votre historique - résultats
Vous n’avez pas pris ce quiz